Postavenie zamestnanca Európskej únie

Podmienky voľného pohybu zamestnancov v rámci Európskej únie. Voľný pohyb zamestnancov z hľadiska právnej pozície zamestnávateľa. Pojem zamestnanec. Vymedzenie pojmu zamestnanec podľa judikatúry Európskeho súdneho dvora. Výnimky z práva zamestnancov na voľný pohyb zamestnancov. Pojem rodinný prísluš...

Descripción completa

Guardado en:
Detalles Bibliográficos
Autor principal: Barancová, Helena
Formato: Capítulo de libro
Lenguaje:eslovaco
Materias:
Etiquetas: Agregar Etiqueta
Sin Etiquetas, Sea el primero en etiquetar este registro!

MARC

LEADER 00000naa$a2200000$$$4500
001 0012842
005 20231003110450.3
041 0 |a slo 
044 |a SK 
245 1 0 |a Postavenie zamestnanca Európskej únie  |c aut. Helena Barancová 
520 |a Podmienky voľného pohybu zamestnancov v rámci Európskej únie. Voľný pohyb zamestnancov z hľadiska právnej pozície zamestnávateľa. Pojem zamestnanec. Vymedzenie pojmu zamestnanec podľa judikatúry Európskeho súdneho dvora. Výnimky z práva zamestnancov na voľný pohyb zamestnancov. Pojem rodinný príslušník. Územný rozsah práva na voľný pohyb. Zákaz diskriminácie v oblasti voľného pohybu zamestnancov. Právo na rovnaký prístup k zamestnaniu. Požiadavka ovládania štátneho jazyka. Obmedzenie voľného pohybu pre občanov prístupujúcich štátov. Kolízne právo pri uskutočňovaní pracovných vzťahov. Súdna príslušnosť podľa kolízneho práva. 
610 2 0 |a zamestnanci 
610 2 0 |a Európska únia 
610 2 0 |a pohyb síl pracovných 
610 2 0 |a právo komunitárne 
610 2 0 |a právo pracovné 
610 2 0 |a jazyk štátny 
610 2 0 |a vzťahy pracovnoprávne 
100 1 |a Barancová, Helena